| 000 | 00617 a2200169 4500 | ||
|---|---|---|---|
| 020 | _a0195774701 | ||
| 020 | _a9780195774702 | ||
| 090 |
_c2821 _d2821 |
||
| 100 | 1 | _aSayeed, Khalid B. | |
| 245 | 1 | 0 |
_aWestern dominance and political islam : _bchallenge and response / _cKhalid B Sayeed. |
| 260 |
_a[S.l.] : _bOxford University Press, _c1995. |
||
| 300 | _a197 p. | ||
| 500 | _aHardcover. | ||
| 856 | 4 | 0 |
_3Amazon.com _uhttp://www.amazon.com/exec/obidos/ASIN/0195774701/chopaconline-20 |
| 856 | 4 | 0 |
_3Amazon customer reviews _uhttp://www.chopac.org/cgi-bin/tools/azrev.pl?q=0195774701 |
| 942 |
_aNBS _cBK _k303.4825604 SAY |
||
| 999 |
_c345311 _d345311 |
||